[Event "Foment Martinenc op-B 22nd"]
[Site "Barcelona"]
[Date "2022.05.14"]
[Round "4"]
[White "Gonzalez Muelas, Javier"]
[Black "Planas Sarmiento, Joan"]
[Result "0-1"]
[WhiteElo "1699"]
[BlackElo "1697"]
[PlyCount "64"]
[EventDate "2022.04.23"]
[EventType "swiss"]
[EventRounds "9"]
[EventCountry "ESP"]
[SourceTitle "EXT 2023"]
[Source "ChessBase"]
[SourceDate "2022.10.05"]
[SourceVersion "1"]
[SourceVersionDate "2022.10.05"]
[SourceQuality "1"]

1. e4 c5 2. Nf3 d6 3. d4 cxd4 4. Nxd4 Nf6 5. f3 a6 6. c4 e5 7. Nc2 Nc6 8. Be3 Be7 9. Be2 Be6 10. Nc3 0-0 11. 0-0 Rc8 12. Qe1 Nh5 13. g3 f5 14. exf5 Bxf5 15. Ne4 Nf6 16. Bd3 Bxe4 17. Bxe4 Nxe4 18. fxe4 Qd7 19. Qe2 Qe6 20. Bb6 Nb8 21. Ne3 Nd7 22. Nd5 Nf6 23. Rad1 Nxd5 24. Rxd5 Rxf1+ 25. Qxf1 Rf8 26. Qd1 Qg6 27. Qd3 Rf4 28. Bc7 Rxe4 29. Bxd6 Bg5 30. Bxe5 Re1+ 31. Kg2 Qxd3 32. Rxd3 Rxe5 0-1

[Event "Foment Martinenc op-B 16th"]
[Site "Barcelona"]
[Date "2014.05.31"]
[Round "6"]
[White "Planas Sarmiento, Joan"]
[Black "Bota Carbo, Jordi"]
[Result "0-1"]
[WhiteElo "1863"]
[BlackElo "1934"]
[PlyCount "110"]
[EventDate "2014.04.26"]
[EventType "swiss"]
[EventRounds "9"]
[EventCountry "ESP"]
[SourceTitle "EXT 2015"]
[Source "ChessBase"]
[SourceDate "2014.11.20"]
[SourceVersion "1"]
[SourceVersionDate "2014.11.20"]
[SourceQuality "1"]

1. e4 e5 2. Nc3 Nf6 3. f4 d5 4. fxe5 Nxe4 5. Nf3 Be7 6. Qe2 Nxc3 7. dxc3 0-0 8. Be3 c6 9. h4 Bg4 10. Qd3 Nd7 11. 0-0-0 Bxf3 12. gxf3 Nxe5 13. Qf5 Bd6 14. Bd3 Nxd3+ 15. cxd3 Qc8 16. Qg5 f6 17. Qg2 Qf5 18. Rhg1 Rf7 19. Qd2 a5 20. Rg4 Kh8 21. Qg2 Re8 22. Rg1 g6 23. Kd2 Rfe7 24. Re1 b5 25. Qf2 b4 26. Rgg1 bxc3+ 27. bxc3 Bf4 28. Bxf4 Qxf4+ 29. Kc2 Qa4+ 30. Kb1 Rb8+ 31. Ka1 Reb7 32. Qe3 Qa3 33. Qd2 Rb2 34. Re8+ Rxe8 35. Qxb2 Qxb2+ 36. Kxb2 Re3 37. Rg4 Rxf3 38. Ra4 Rh3 39. Rxa5 Rxh4 40. Ra8+ Kg7 41. a4 Rh2+ 42. Kb3 Rh1 43. a5 c5 44. a6 Ra1 45. d4 c4+ 46. Kb4 h5 47. Kc5 h4 48. Re8 Rxa6 49. Kxd5 h3 50. Re2 g5 51. Kxc4 g4 52. d5 g3 53. Re3 g2 54. Rg3+ Kf7 55. Kb5 Ra1 0-1